00485nmm a2200145Ia 4500008004100000020001800041041000800059100002000067245004600087264011500133300001600248856005100264942000700315999001700322251105s9999||||xx |||||||||||||||||und|| a9781570038259 aeng aFraser, Russell 0aFrom China to Peru :b A Memoir of Travel a[Washington, Estados Unidos] :bUniversity of South Carolina Press, c[Fecha de publicación no identificada] a0 páginas uhttps://public.digitaliapublishing.com/a/83319 cCF c74986d74986